Countries with most Roman Theatres - Statistics

General Stats
  • This quiz has been taken 24 times
  • The average score is 14 of 16
Answer Stats
Rank Country % Correct
2 France 51
100%
1 Italy 141
100%
5 Spain 29
100%
6 United Kingdom 23
100%
9 Algeria 9
96%
3 Tunisia 38
96%
7 Egypt 10
92%
4 Türkiye 36
92%
8 Israel 10
88%
16 Libya 7
88%
10 Bulgaria 9
83%
15 Croatia 7
83%
12 Syria 9
83%
14 Albania 7
79%
13 Switzerland 9
79%
11 Jordan 9
71%
No matching quizzes found
Score Distribution
Percent of People with Each Score
Percentile by Number Answered
Your Score History
You have not taken this quiz